Statystyki dla Piłkarze Wolverhampton'u

Kliknij tutaj aby rozwiązać quiz!

Ogólne statystyki

  • Ten quiz został rozwiązany 14 razy
  • Średni wynik to 16 z 22

Statystyki odpowiedzi

PiłkarzNarodowośćPozycja% Poprawnych
José SáPortugaliaBramkarz
100%
Matheus CunhaBrazyliaNapastnik
100%
Hee-chan HwangKorea PołudniowaNapastnik
91%
Mario LeminaGabonPomocnik
91%
Noha LeminaFrancjaPomocnik
91%
Pablo SarabiaHiszpaniaNapastnik
91%
Matt DohertyIrlandiaObrońca
82%
Pedro NetoPortugaliaNapastnik
82%
Craig DawsonAngliaObrońca
73%
Hugo BuenoHiszpaniaObrońca
73%
Jean-Ricner BellegardeFrancjaPomocnik
73%
João GomesBrazyliaPomocnik
73%
Max KilmanAngliaObrońca
73%
Nélson SemedoPortugaliaObrońca
73%
Santiago BuenoUrugwajObrońca
73%
TotiPortugaliaObrońca
73%
Rayan Aït-NouriAlgeriaObrońca
64%
Daniel BentleyAngliaBramkarz
55%
Tommy DoyleAngliaPomocnik
55%
Boubacar TraoréMaliPomocnik
45%
Enso GonzálezParagwajNapastnik
45%
Tom KingWaliaBramkarz
45%

Rozkład punktacji

Percentyl według liczby udzielonych odpowiedzi

Procent ludzi z każdym wynikiem

Twoja historia wyników

Nie rozwiązałeś tego quizu